Kafkaland : (Record no. 104407)

MARC details
000 -LEADER
fixed length control field 00588nam a22001937a 4500
005 - DATE AND TIME OF LATEST TRANSACTION
control field 20161110121950.0
010 ## - LCCN (DPL NO)
LC control number ENG-116393
020 ## - INTERNATIONAL STANDARD BOOK NUMBER
International Standard Book Number 9789383968008
Terms of availability 350.00
035 ## - SYSTEM CONTROL NUMBER
System control number EN-99925
037 ## - SOURCE OF ACQUISITION
Source of stock number/acquisition DBAD/PUB
082 ## - DEWEY DECIMAL CLASSIFICATION NUMBER
Classification number 364.13170954
100 ## - MAIN ENTRY--PERSONAL NAME
Personal name Sethi,Manish
245 ## - TITLE STATEMENT
Title Kafkaland :
Statement of responsibility, etc by Manish Sethi
Remainder of title prejudice,law and counterterrorism in India /
260 ## - PUBLICATION, DISTRIBUTION, ETC. (IMPRINT)
Date of publication, distribution, etc 2015
Place of publication, distribution, etc Gurgaon
Name of publisher, distributor, etc Three Essays Collective
270 ## - ADDRESS
Address B-957 Palam Vihar
City Gurgaon
Postal code 122017
300 ## - PHYSICAL DESCRIPTION
Dimensions 21cm(Hb)
Extent xi,215p.
500 ## - GENERAL NOTE
General note Includes index
942 ## - ADDED ENTRY ELEMENTS (KOHA)
Item type English Books
Source of classification or shelving scheme Dewey Decimal Classification
Classification part 364.13170954
Call number suffix SET
Holdings
Withdrawn status Lost status Not for loan Collection code Home library Current library Date acquired Source of acquisition Cost, normal purchase price Full call number Barcode Copy number Cost, replacement price Koha item type
      Non-fiction Narela Narela 02/11/2016 DBAD/PUB 350.00 364.13170954 SET EN-99925 1 350.00 English Books

© Delhi Public Library
Hit Counter
free hit counter